College Football Teams in 1978 - Statistics

General Stats
  • This quiz has been taken 13 times
  • The average score is 101 of 138
Answer Stats
Conference Team % Correct
SEC Alabama
92%
SWC Baylor
92%
ACC Clemson
92%
ACC Duke
92%
SEC Georgia
92%
Big Ten Iowa
92%
Big Eight Iowa State
92%
Big Eight Kansas
92%
Big Eight Kansas State
92%
SEC LSU
92%
ACC Maryland
92%
Independent Miami (FL)
92%
MAC Miami (OH)
92%
Big Ten Michigan
92%
Big Ten Michigan State
92%
SEC Mississippi State
92%
ACC NC State
92%
WAC New Mexico
92%
MVC New Mexico State
92%
ACC North Carolina
92%
Big Ten Northwestern
92%
Big Eight Oklahoma
92%
SEC Ole Miss
92%
Pac-10 Oregon
92%
Pac-10 Oregon State
92%
Ivy League Princeton
92%
Independent Syracuse
92%
SWC Texas
92%
SWC Texas Tech
92%
Pac-10 Washington
92%
Pac-10 Washington State
92%
Ivy League Yale
92%
Independent Air Force
83%
Pac-10 Arizona
83%
Pac-10 Arizona State
83%
SWC Arkansas
83%
Independent Army
83%
SEC Auburn
83%
WAC BYU
83%
Pac-10 California
83%
Big Eight Colorado
83%
WAC Colorado State
83%
SEC Florida
83%
Independent Florida State
83%
Ivy League Harvard
83%
Big Ten Illinois
83%
Big Ten Indiana
83%
Big Ten Minnesota
83%
Big Eight Missouri
83%
Independent Navy
83%
Independent Notre Dame
83%
MAC Ohio
83%
Big Ten Ohio State
83%
Big Eight Oklahoma State
83%
Ivy League Penn
83%
Independent Penn State
83%
Independent Rutgers
83%
WAC San Diego State
83%
Independent South Carolina
83%
Pac-10 Stanford
83%
SEC Tennessee
83%
SWC Texas A&M
83%
Pac-10 UCLA
83%
Pac-10 USC
83%
WAC Utah
83%
PCAA Utah State
83%
ACC Wake Forest
83%
Big Ten Wisconsin
83%
MAC Ball State
75%
Independent Boston College
75%
Ivy League Brown
75%
MAC Central Michigan
75%
Ivy League Columbia
75%
Ivy League Cornell
75%
Ivy League Dartmouth
75%
MAC Eastern Michigan
75%
PCAA Fresno State
75%
Independent Georgia Tech
75%
SWC Houston
75%
SEC Kentucky
75%
Independent Louisville
75%
SoCon Marshall
75%
Big Eight Nebraska
75%
Independent Pittsburgh
75%
Big Ten Purdue
75%
PCAA San Jose State
75%
MAC Toledo
75%
WAC UTEP
75%
SEC Vanderbilt
75%
ACC Virginia
75%
Independent Virginia Tech
75%
MAC Western Michigan
75%
WAC Wyoming
75%
Southland Arkansas State
67%
MAC Bowling Green
67%
MAC Kent State
67%
Independent Memphis State
67%
MAC Northern Illinois
67%
SWC Rice
67%
Southland Southwestern Louisiana
67%
SWC TCU
67%
Independent Tulane
67%
Independent West Virginia
67%
SoCon Appalachian State
58%
Independent Cincinnati
58%
Independent Hawaii
58%
MVC Indiana State
58%
Southland Louisiana Tech
58%
SWC SMU
58%
MVC Southern Illinois
58%
Independent Southern Miss
58%
Independent Temple
58%
MVC Tulsa
58%
Independent UNLV
58%
Independent Colgate
50%
MVC Drake
50%
Independent East Carolina
50%
Independent Illinois State
50%
Independent Northeast Louisiana
50%
PCAA Pacific
50%
Independent Villanova
50%
SoCon Chattanooga
42%
Independent Holy Cross
42%
Southland Lamar
42%
Southland McNeese State
42%
Independent North Texas State
42%
SoCon The Citadel
42%
MVC West Texas State
42%
MVC Wichita State
42%
SoCon Furman
33%
PCAA Long Beach State
33%
Independent Richmond
33%
SoCon VMI
33%
SoCon Western Carolina
33%
PCAA Cal State Fullerton
25%
Independent Tennessee State
25%
Independent William & Mary
25%
Southland UT Arlington
8%
No matching quizzes found
Score Distribution
Percent of People with Each Score
Percentile by Number Answered
Your Score History
You have not taken this quiz